Changing role of national development banks in Africa : (Record no. 1464289)

MARC details
000 -LEADER
fixed length control field 00753 a2200217 4500
005 - DATE AND TIME OF LATEST TRANSACTION
control field 20260416112110.0
008 - FIXED-LENGTH DATA ELEMENTS--GENERAL INFORMATION
fixed length control field 260416b |||||||| |||| 00| 0 eng d
020 ## - INTERNATIONAL STANDARD BOOK NUMBER
International Standard Book Number 9783031386381 (hbk)
037 ## - SOURCE OF ACQUISITION
Terms of availability TB
040 ## - CATALOGING SOURCE
Original cataloging agency CRL
Transcribing agency CRL
041 ## - LANGUAGE CODE
Source of code eng
Language code of text/sound track or separate title eng
084 ## - COLON CLASSIFICATION NUMBER
Classification number X62:77.6 R3
Assigning agency CRL
100 ## - MAIN ENTRY--PERSONAL NAME
Personal name Abor, Joshua Yindenaba
9 (RLIN) 846968
245 ## - TITLE STATEMENT
Title Changing role of national development banks in Africa :
Remainder of title Business models governance and sustainability
260 ## - PUBLICATION, DISTRIBUTION, ETC.
Name of publisher, distributor, etc. Palgrave Macmillian,
Date of publication, distribution, etc. 2023.
Place of publication, distribution, etc. Switzerland:
300 ## - PHYSICAL DESCRIPTION
Extent 480p.
365 ## - TRADE PRICE
Price amount 13992.12
Currency code INR
650 ## - SUBJECT ADDED ENTRY--TOPICAL TERM
Topical term or geographic name entry element Banks and Banking
9 (RLIN) 170034
942 ## - ADDED ENTRY ELEMENTS (KOHA)
Koha item type Textbook
Source of classification or shelving scheme Colon Classification (CC)
Classification part X62:77.6 R3
Holdings
Withdrawn status Lost status Source of classification or shelving scheme Damaged status Not for loan Home library Current library Date acquired Source of acquisition Cost, normal purchase price Inventory number Total Checkouts Full call number Barcode Date last seen Cost, replacement price Price effective from Koha item type
    Colon Classification (CC)     Central Library Central Library 2026-04-16 Sunrise Books 9794.48 1249 & 18/02/2026   X62:77.6 R3 CL1926418 2026-02-18 13992.12 2026-02-18 Textbook
Copyright @ Delhi University Library System